Central Library OPAC University of Rajshahi

Advanced organic chemistry. (Record no. 72420)

MARC details
000 -LEADER
fixed length control field 00933cam a22003011a 4500
001 - CONTROL NUMBER
control field 72420
003 - CONTROL NUMBER IDENTIFIER
rucl marc code BD-RjUL
005 - DATE AND TIME OF LATEST TRANSACTION
control field 20211209082247.0
008 - FIXED-LENGTH DATA ELEMENTS--GENERAL INFORMATION
fixed length control field 190304s1949 nyua b 000 0 eng
035 ## - SYSTEM CONTROL NUMBER
System control number (BD-RjUL)
System control number 2250542
040 ## - CATALOGING SOURCE
Original cataloging agency LC
Language of cataloging eng
Transcribing agency LC
Modifying agency XNTU
041 ## - LANGUAGE CODE
Language code of text/sound track or separate title eng
082 04 - DEWEY DECIMAL CLASSIFICATION NUMBER
Classification number 547
Edition number 23
Author mark and year WHA 1949
100 1# - MAIN ENTRY--PERSONAL NAME
Personal name Wheland, George Willard,
Dates associated with a name 1907-
9 (RLIN) 228948
245 10 - TITLE STATEMENT
Title Advanced organic chemistry.
250 ## - EDITION STATEMENT
Edition statement 2d ed.
260 ## - PUBLICATION, DISTRIBUTION, ETC. (IMPRINT)
Place of publication, distribution, etc. New York,
Name of publisher, distributor, etc. J. Wiley
Date of publication, distribution, etc. 1949[1954]
300 ## - PHYSICAL DESCRIPTION
Pagination xi, 799 p. :
Illustrations diagrs ;
Size 24 cm.
500 ## - GENERAL NOTE
General note "Chapters 1-10 copyrighted as Syllabus for advanced organic chemistry 321 ... 1946. Chapters 12-15 copyrighted as Syllabus for advanced organic chemistry 322 ... 1948."
504 ## - BIBLIOGRAPHY, ETC. NOTE
Bibliography, etc Bibliographical footnotes.
650 #0 - SUBJECT ADDED ENTRY--TOPICAL TERM
Topical term or geographic name as entry element Chemistry, Organic.
9 (RLIN) 228949
942 ## - ADDED ENTRY ELEMENTS (KOHA)
Source of classification or shelving scheme Dewey Decimal Classification
Koha item type Books
Holdings
Lost status Source of classification or shelving scheme Damaged status Not for loan Collection code Permanent Location Current Location Shelving location Date acquired Source of acquisition Cost, normal purchase price Total Checkouts Full call number Date last seen Copy number Koha item type
  Dewey Decimal Classification   Not For Loan Non-fiction Central Library, University of Rajshahi Central Library, University of Rajshahi Reading Room 26/09/1957 N/A 63.00   547 WHA 1954 04/03/2019 C-1 Books